| 000 | 01537nam a2200349 c 4500 | ||
|---|---|---|---|
| 003 | BLK | ||
| 005 | 20230118155846.0 | ||
| 008 | 180409b bul|||||r ||||||| ||bul|| | ||
| 010 | _aKNG00142843000 | ||
| 040 | _aBLK | ||
| 041 |
_aBUL _cBUL |
||
| 080 |
_aПодреждане и аранжиране на цветя - Изработване на букети, гирлянди, венци, аранжиране в вази и др. съдове, икебана и др. на сушени растения, семена _b745.9 _x(035) _z745.9(035) |
||
| 100 | 1 |
_aМирска, Рима Иванова _eпърви автор _9314018 |
|
| 139 |
_aМирска, Рима Иванова _bМ 68 |
||
| 245 | 1 | 0 |
_aИзкуството икебана _bРъководство _cРима Иванова Мирска. |
| 250 | _a2. прераб. изд. | ||
| 257 | _aBGR | ||
| 260 |
_аСофия _bБълг. художник _c1988 |
||
| 300 |
_a96 с. _bс ил. _c20 см |
||
| 380 | _a7 | ||
| 490 | 1 | _aНаучнопопулярна серия Изкуството и ние | |
| 500 | _a1. изд. 1986. - 90 000 тир. | ||
| 650 | 4 |
_aЦветя - аранжиране и символика _9250675 |
|
| 653 | _aикебана | ||
| 653 | _aбукети | ||
| 653 | _aцветя | ||
| 852 | _aЦб 155871 | ||
| 856 | 4 |
_qpdf _u |
|
| 856 | 4 |
_qpdf _u |
|
| 942 |
_cKNG _n0 _01 |
||
| 944 |
_aCR _c18.05.2013 _l18.05.2013 - от С1,Р / 18.05.2013 _kКамелия_Данева |
||
| 944 |
_aED _c27.07.2015 _l18.05.2013 - от С1,Р / 18.05.2013 _kИрена_Линкова |
||
| 999 |
_c136886 _d136886 |
||